| 000 | 00999cam a2200301 a 4500 | ||
|---|---|---|---|
| 999 |
_c3394 _d3394 |
||
| 001 | 13996624 | ||
| 003 | OSt | ||
| 005 | 20181112123012.0 | ||
| 008 | 050608s2005 pau b 000 0 eng d | ||
| 010 | _a 2005277157 | ||
| 020 | _a0768422523 (pbk.) | ||
| 020 | _a9780768422528 (pbk.) | ||
| 035 | _a(OCoLC)ocm61186333 | ||
| 040 |
_aAPL _cAPL _dBTCTA _dBAKER _dDLC |
||
| 042 | _alccopycat | ||
| 050 | 0 | 0 |
_aBL487 _b.J64 2005 |
| 082 | 0 | 4 |
_a234.13 _222 _bJ66S |
| 100 | 1 |
_aJohnson, Bill, _d1951- |
|
| 245 | 1 | 4 |
_aThe supernatural power of a transformed mind : _baccess to a life of miracles / _cby Bill Johnson. |
| 260 |
_aShippensburg, PA : _bDestiny Image Publishers, Inc., _cc2005. |
||
| 300 |
_a175 p. ; _c23 cm. |
||
| 504 | _aIncludes bibliographical references. | ||
| 650 | 0 | _aMiracles. | |
| 650 | 0 |
_aSpiritual healing _zUnited States. |
|
| 906 |
_a7 _bcbc _ccopycat _d3 _encip _f20 _gy-gencatlg |
||
| 942 |
_2ddc _cBK |
||